000 00661cam a2200145 4500500
005 20260208005925.0
041 _afre
042 _adc
100 1 0 _aFougère, Marie-Ange
_eauthor
245 0 0 _aDANIEL GROJNOWSKI, Comiques d’Alphonse Allais à Charlot, le comique dans les lettres et les arts. Villeneuve-d’Asq, Presses Universitaires du Septentrion, 2004. Un vol. de 158 p.
260 _c2007.
500 _a3
786 0 _nRevue d'histoire littéraire de la France | 107 | 3 | 2007-09-01 | p. 629zzj-688zzj | 0035-2411
856 4 1 _uhttps://shs.cairn.info/revue-d-histoire-litteraire-de-la-france-2007-3-page-629zzj?lang=fr&redirect-ssocas=7080
999 _c1654361
_d1654361